[Event "DEM U12/U12w 2006"]
[Site "Willingen GER"]
[Date "2006.06.09"]
[Round "10"]
[White "Hager, Joshua Aarash"]
[Black "Hampel, Felix"]
[Result "1-0"]
[Termination "normal"]
[Board "1"]
[WhiteElo "1872"]
[BlackElo "1549"]
[PlyCount "77"]
[WhiteFideId "24642789"]
[BlackFideId "24668125"]
[EventCountry "GER"]
[EventRounds "11"]
[EventType "swiss"]
[EventDate "2006.06.03"]

1. d4 f5 2. c4 Nf6 3. Nf3 e6 4. g3 d5 5. Bg2 c6 6. O-O Bd6 7. b3 Qe7 8. Bb2 O-O
9. Ne5 Nbd7 10. Nd2 Bxe5 11. dxe5 Ne4 12. Rc1 Qg5 13. Nf3 Qh5 14. Ba3 Re8 15.
Qc2 h6 16. Qb2 a5 17. Ne1 Nxe5 18. Qxe5 Nd2 19. Nf3 Nxf1 20. Rxf1 Kh7 21. Bb2
Qf7 22. Qf4 g5 23. Qd4 a4 24. b4 Rg8 25. a3 Bd7 26. Ne5 Qe7 27. f3 Be8 28. e4
dxc4 29. Qxc4 f4 30. Bh3 fxg3 31. hxg3 Rf8 32. Bxe6 b5 33. Qa2 Rd8 34. Bf5+
Rxf5 35. exf5 Rd2 36. Ng4 h5 37. Nh6 Qe5 38. Qg8+ Kxh6 39. Bxe5 1-0

[Event "DEM U12/U12w 2006"]
[Site "Willingen GER"]
[Date "2006.06.09"]
[Round "10"]
[White "Sarchisov, Slavik"]
[Black "Petkidis, Anthony"]
[Result "1/2-1/2"]
[Termination "normal"]
[Board "2"]
[WhiteElo "1695"]
[BlackElo "1585"]
[PlyCount "28"]
[WhiteFideId "24647888"]
[EventCountry "GER"]
[EventRounds "11"]
[EventType "swiss"]
[EventDate "2006.06.03"]

1. e4 e5 2. Nf3 Nc6 3. Bc4 Bc5 4. c3 Nf6 5. d4 exd4 6. e5 d5 7. Bb5 Ne4 8. cxd4
Bb6 9. Qc2 Bd7 10. Bxc6 Bxc6 11. Nc3 O-O 12. Be3 Nxc3 13. bxc3 h6 14. g4 Bd7
1/2-1/2

[Event "DEM U12/U12w 2006"]
[Site "Willingen GER"]
[Date "2006.06.09"]
[Round "10"]
[White "Berchtenbreiter, Maximilian"]
[Black "Zimmermann, Gordon"]
[Result "1/2-1/2"]
[Termination "normal"]
[Board "3"]
[WhiteElo "1999"]
[BlackElo "1920"]
[PlyCount "75"]
[WhiteFideId "24641120"]
[BlackFideId "24624330"]
[EventCountry "GER"]
[EventRounds "11"]
[EventType "swiss"]
[EventDate "2006.06.03"]

1. e4 c5 2. c3 Nf6 3. e5 Nd5 4. d4 cxd4 5. cxd4 d6 6. f4 Nc6 7. Nc3 dxe5 8.
fxe5 Bf5 9. a3 e6 10. Nf3 Bg4 11. Be2 Bxf3 12. Bxf3 Qh4+ 13. Kf1 Qxd4 14. Qxd4
Nxd4 15. Nxd5 exd5 16. Bxd5 O-O-O 17. Bxf7 Nc2 18. Bg5 Nxa1 19. Bxd8 Kxd8 20.
Ke2 Nc2 21. Rd1+ Ke7 22. Bb3 Ne3 23. Kxe3 g6 24. Rf1 Bh6+ 25. Ke2 Rf8 26. Rd1
Rd8 27. Rxd8 Kxd8 28. Bg8 Bg7 29. Bxh7 Bxe5 30. b3 Bxh2 31. Bxg6 b6 32. Kd3 a5
33. a4 Ke7 34. Kc4 Kf6 35. Kb5 Bg1 36. Be4 Ke5 37. Bc6 Kf4 38. Bd7 1/2-1/2

[Event "DEM U12/U12w 2006"]
[Site "Willingen GER"]
[Date "2006.06.09"]
[Round "10"]
[White "Kaphle, Sebastian"]
[Black "Müller, Tobias"]
[Result "1-0"]
[Termination "normal"]
[Board "5"]
[WhiteElo "2064"]
[BlackElo "1620"]
[PlyCount "61"]
[WhiteFideId "24626708"]
[BlackFideId "24643394"]
[EventCountry "GER"]
[EventRounds "11"]
[EventType "swiss"]
[EventDate "2006.06.03"]

1. e4 c5 2. Nf3 d6 3. d4 cxd4 4. Nxd4 Nf6 5. Nc3 g6 6. Be3 Bg7 7. f3 O-O 8. Qd2
Nc6 9. O-O-O d5 10. Qe1 e6 11. h4 Qe7 12. h5 Nxd4 13. Bxd4 dxe4 14. hxg6 hxg6
15. Qh4 Re8 16. Nxe4 Nh5 17. Qf2 Bxd4 18. Qxd4 e5 19. Qf2 Rd8 20. Rxd8+ Qxd8
21. g4 Nf4 22. Qh2 Kf8 23. Qh8+ Ke7 24. Qxe5+ Ne6 25. Bb5 Qd4 26. Qg3 Qe3+ 27.
Kb1 Qf4 28. Qe1 a5 29. Qc3 g5 30. Rh8 Nc7 31. Qc5+ 1-0

[Event "DEM U12/U12w 2006"]
[Site "Willingen GER"]
[Date "2006.06.09"]
[Round "10"]
[White "Bräuer, Franz"]
[Black "Kropman, Alexei"]
[Result "1-0"]
[Termination "normal"]
[Board "6"]
[WhiteElo "1878"]
[BlackElo "1669"]
[PlyCount "71"]
[WhiteFideId "24634468"]
[BlackFideId "24670723"]
[EventCountry "GER"]
[EventRounds "11"]
[EventType "swiss"]
[EventDate "2006.06.03"]

1. e4 e6 2. d4 d5 3. Nc3 Bb4 4. e5 c5 5. a3 cxd4 6. axb4 dxc3 7. bxc3 Qc7 8.
Qd4 Nc6 9. Bb5 Nge7 10. f4 Bd7 11. Qd3 O-O 12. Bd2 a6 13. Ba4 Na7 14. Bxd7 Qxd7
15. Nf3 Rac8 16. Ng5 Ng6 17. h4 Qb5 18. Qf3 Rfe8 19. h5 Ne7 20. g4 Nec6 21. h6
g6 22. Qf2 Rc7 23. Nf3 Qc4 24. Qh4 Qe4+ 25. Kf2 f5 26. exf6 Nd8 27. Rac1 Nb5
28. Rhe1 Qc4 29. Ne5 Qa2 30. Kg1 Nxc3 31. Bxc3 Rxc3 32. f7+ Nxf7 33. Qf6 Nxh6
34. g5 Qa3 35. gxh6 Rg3+ 36. Kf2 1-0

[Event "DEM U12/U12w 2006"]
[Site "Willingen GER"]
[Date "2006.06.09"]
[Round "10"]
[White "Kotainy, Jens"]
[Black "Gisy, Roberto"]
[Result "1-0"]
[Termination "normal"]
[Board "7"]
[WhiteElo "1835"]
[BlackElo "1540"]
[PlyCount "137"]
[WhiteFideId "24670499"]
[EventCountry "GER"]
[EventRounds "11"]
[EventType "swiss"]
[EventDate "2006.06.03"]

1. e4 e5 2. Nf3 Nc6 3. Bb5 a6 4. Ba4 Nf6 5. O-O Be7 6. Re1 b5 7. Bb3 d6 8. c3
O-O 9. h3 Na5 10. Bc2 c5 11. d4 Qc7 12. Nbd2 Bd7 13. Nb3 Nc4 14. Nbd2 Nb6 15.
Nf1 Rac8 16. d5 Kh8 17. Ng3 h6 18. Nh4 Nfxd5 19. Nhf5 Bxf5 20. Nxf5 Nf6 21. Qf3
Rg8 22. g4 Kh7 23. g5 Ne8 24. Kh2 Bf8 25. Rg1 g6 26. Nxh6 Bxh6 27. gxh6 Qe7 28.
b3 Qf6 29. Qg3 Qe6 30. f4 Nf6 31. fxe5 Nh5 32. Qf3 dxe5 33. Be3 Nf6 34. Raf1
Nbd7 35. Bg5 Rc6 36. Rg2 Rb8 37. Rgf2 Rbb6 38. Qg3 Qe7 39. Qh4 Rd6 40. a3 Rbc6
41. c4 bxc4 42. bxc4 Rb6 43. Ba4 a5 44. Bxd7 Qxd7 45. Rxf6 Rxf6 46. Bxf6 Rb2+
47. Rf2 Qd4 48. Rxb2 Qxb2+ 49. Kg1 Qc1+ 50. Kg2 Qc2+ 51. Qf2 Qxe4+ 52. Qf3 Qc2+
53. Kg3 e4 54. Qc3 Qd1 55. Bg5 Qg1+ 56. Kf4 Qh2+ 57. Kxe4 Qe2+ 58. Kd5 Qe6+ 59.
Kxc5 Qc8+ 60. Kb5 Qf5+ 61. Ka4 Qd7+ 62. Kxa5 Qa7+ 63. Kb4 Qb6+ 64. Ka4 Qa7+ 65.
Kb3 Qb6+ 66. Ka2 Qf2+ 67. Qb2 Qxb2+ 68. Kxb2 f6 69. Bxf6 1-0

[Event "DEM U12/U12w 2006"]
[Site "Willingen GER"]
[Date "2006.06.09"]
[Round "10"]
[White "Zier, Oliver"]
[Black "Miller, Eduard"]
[Result "1-0"]
[Termination "normal"]
[Board "8"]
[WhiteElo "1823"]
[BlackElo "1525"]
[PlyCount "141"]
[WhiteFideId "24631906"]
[BlackFideId "24687022"]
[EventCountry "GER"]
[EventRounds "11"]
[EventType "swiss"]
[EventDate "2006.06.03"]

1. d4 d6 2. c4 e5 3. d5 Bf5 4. Nc3 Nf6 5. Bg5 Be7 6. e3 Nbd7 7. Nf3 O-O 8. Nh4
Bg6 9. Nxg6 fxg6 10. Bd3 Nc5 11. Bc2 Qd7 12. O-O c6 13. Bxf6 Bxf6 14. Qd2 Rad8
15. Rfd1 Bh4 16. g3 Be7 17. b4 Na6 18. dxc6 bxc6 19. b5 Nc5 20. bxc6 Qxc6 21.
Nd5 Rf7 22. Nxe7+ Rxe7 23. Qd5+ Qxd5 24. Rxd5 Red7 25. Bd1 Ne4 26. Bg4 Rc7 27.
Rad1 Kf8 28. Rxe5 Rxc4 29. Ra5 Rc7 30. Ra6 Rf7 31. f4 h5 32. Bf3 Re7 33. Bxe4
Rxe4 34. Raxd6 Rxd6 35. Rxd6 Rxe3 36. Ra6 Re7 37. Rxg6 Kf7 38. Ra6 Ke8 39. Kf2
Kd8 40. Ra5 g6 41. Ra6 Rg7 42. Kf3 Kc8 43. Ke4 Re7+ 44. Kd5 Re2 45. Rxg6 Rxh2
46. f5 Kd7 47. Rg7+ Ke8 48. Rxa7 Rg2 49. Ra3 Kf7 50. Ke5 Ke7 51. f6+ Kf7 52.
Ra7+ Kf8 53. Kf4 Rf2+ 54. Kg5 Rf3 55. Kxh5 Rxg3 56. a4 Rg1 57. a5 Rh1+ 58. Kg6
Rg1+ 59. Kf5 Rf1+ 60. Ke5 Re1+ 61. Kd6 Rd1+ 62. Kc6 Rc1+ 63. Kb7 Kf7 64. Ra6
Ra1 65. Ra8 Kxf6 66. a6 Ke7 67. a7 Rb1+ 68. Kc6 Rc1+ 69. Kd5 Rd1+ 70. Ke4 Ra1
71. Rh8 1-0

[Event "DEM U12/U12w 2006"]
[Site "Willingen GER"]
[Date "2006.06.09"]
[Round "10"]
[White "Wang, Zhangxian"]
[Black "Schulz, Anja"]
[Result "1-0"]
[Termination "normal"]
[Board "9"]
[WhiteElo "1998"]
[BlackElo "1585"]
[PlyCount "45"]
[BlackFideId "24647845"]
[EventCountry "GER"]
[EventRounds "11"]
[EventType "swiss"]
[EventDate "2006.06.03"]

1. e4 c5 2. Nf3 Nc6 3. d4 cxd4 4. Nxd4 Nf6 5. Nc3 e6 6. Ndb5 Bb4 7. a3 Bxc3+ 8.
Nxc3 O-O 9. Bc4 b6 10. O-O Bb7 11. Re1 Qc7 12. Bg5 Qe5 13. Bh4 Rfd8 14. Bd3
Rac8 15. Nb5 a6 16. Bg3 Qg5 17. Nd6 Rb8 18. c3 Ba8 19. e5 Ne8 20. Ne4 Qe7 21.
Qh5 h6 22. Bh4 f6 23. exf6 1-0

[Event "DEM U12/U12w 2006"]
[Site "Willingen GER"]
[Date "2006.06.09"]
[Round "10"]
[White "Babayev, Ramil"]
[Black "Friedrich, Wiede"]
[Result "1/2-1/2"]
[Termination "normal"]
[Board "10"]
[WhiteElo "1553"]
[BlackElo "1933"]
[PlyCount "81"]
[WhiteFideId "24664243"]
[BlackFideId "24629537"]
[EventCountry "GER"]
[EventRounds "11"]
[EventType "swiss"]
[EventDate "2006.06.03"]

1. e4 c5 2. Nc3 Nc6 3. f4 g6 4. Nf3 Bg7 5. Bb5 e6 6. Bxc6 bxc6 7. O-O Ne7 8. d3
O-O 9. Qe1 d5 10. e5 Rb8 11. g4 Ba6 12. Kh1 c4 13. d4 c5 14. Rb1 Nc6 15. Be3
cxd4 16. Nxd4 Qc7 17. Nxc6 Qxc6 18. Bd4 f5 19. g5 Rf7 20. Rf2 Bf8 21. Qc1 Bc5
22. Ne2 c3 23. bxc3 Rxb1 24. Qxb1 Bxe2 25. Rxe2 Bxd4 26. cxd4 Qc4 27. Rd2 Rb7
28. Qc1 Qxa2 29. c3 Qc4 30. Kg2 Rb3 31. Rc2 a5 32. Kf2 Qd3 33. Kg2 a4 34. Kf2
a3 35. Kg2 Kg7 36. Kf2 Qb5 37. c4 Qb4 38. cxd5 Qxd4+ 39. Kf1 Qd3+ 40. Kg1 Qd4+
41. Kf1 1/2-1/2

[Event "DEM U12/U12w 2006"]
[Site "Willingen GER"]
[Date "2006.06.09"]
[Round "10"]
[White "Kreiter, Thomas"]
[Black "Dünzel, Jonas"]
[Result "0-1"]
[Termination "normal"]
[Board "11"]
[WhiteElo "1561"]
[BlackElo "1881"]
[PlyCount "76"]
[WhiteFideId "24645591"]
[BlackFideId "24631167"]
[EventCountry "GER"]
[EventRounds "11"]
[EventType "swiss"]
[EventDate "2006.06.03"]

1. e4 c5 2. Nf3 e6 3. c4 d6 4. Nc3 Nf6 5. Be2 a6 6. d4 cxd4 7. Nxd4 Qc7 8. Be3
b6 9. O-O Bb7 10. f3 Be7 11. Qd2 O-O 12. Rac1 Nbd7 13. Rfd1 Rfd8 14. Qe1 Nc5
15. Qg3 Kh8 16. b4 Ncd7 17. a3 Rac8 18. Qf2 Rb8 19. Bf1 Rdc8 20. Na4 Ba8 21. g3
Qb7 22. Nc3 Ne5 23. Na4 Nfd7 24. f4 Ng4 25. Qf3 Nxe3 26. Qxe3 Qxe4 27. Qxe4
Bxe4 28. Nc3 Bb7 29. Re1 Bf6 30. Nce2 d5 31. cxd5 Bxd5 32. Red1 b5 33. Nc3 Nb6
34. Nxd5 Rxc1 35. Nxf6 Rxd1 36. Nc6 Rc8 37. Ne5 gxf6 38. Nxf7+ Kg7 0-1

[Event "DEM U12/U12w 2006"]
[Site "Willingen GER"]
[Date "2006.06.09"]
[Round "10"]
[White "Davydov, Ruven"]
[Black "Göbel, Constantin"]
[Result "1/2-1/2"]
[Termination "normal"]
[Board "12"]
[WhiteElo "1532"]
[BlackElo "1639"]
[PlyCount "58"]
[WhiteFideId "24666068"]
[BlackFideId "24647071"]
[EventCountry "GER"]
[EventRounds "11"]
[EventType "swiss"]
[EventDate "2006.06.03"]

1. e4 e6 2. d4 d5 3. exd5 exd5 4. c4 Nf6 5. Nc3 Be6 6. c5 Nc6 7. Bf4 Be7 8. Nf3
O-O 9. Bb5 a6 10. Bxc6 bxc6 11. Ne5 Bd7 12. Qa4 Qe8 13. O-O Nh5 14. Bg3 Nxg3
15. fxg3 Bf6 16. Rae1 Bxe5 17. Rxe5 Qd8 18. Rfe1 Re8 19. Rxe8+ Bxe8 20. Kf1 Bd7
21. Nd1 Qf6+ 22. Kg1 h6 23. Nf2 Kh7 24. Nd3 Rb8 25. Rf1 Qe7 26. Qc2 Kg8 27. Ne5
f6 28. Nxd7 Qxd7 29. b3 Re8 1/2-1/2

[Event "DEM U12/U12w 2006"]
[Site "Willingen GER"]
[Date "2006.06.09"]
[Round "10"]
[White "Gerntke, Oliver"]
[Black "Wendling, Florian"]
[Result "0-1"]
[Termination "normal"]
[Board "13"]
[WhiteElo "1352"]
[BlackElo "1628"]
[PlyCount "44"]
[WhiteFideId "24647977"]
[BlackFideId "24640212"]
[EventCountry "GER"]
[EventRounds "11"]
[EventType "swiss"]
[EventDate "2006.06.03"]

1. d4 d5 2. c4 c6 3. Nc3 Nf6 4. Bg5 dxc4 5. e3 b5 6. a4 b4 7. Na2 Ne4 8. Bf4
Qa5 9. b3 c3 10. Qc2 Nf6 11. Nf3 Nbd7 12. Bc4 e6 13. O-O Be7 14. Ne5 Nxe5 15.
Bxe5 Bb7 16. Rad1 O-O 17. Bd3 h6 18. Rfe1 Rfd8 19. Qc1 c5 20. Bb1 cxd4 21. exd4
Qd5 22. f3 Qxb3 0-1

[Event "DEM U12/U12w 2006"]
[Site "Willingen GER"]
[Date "2006.06.09"]
[Round "10"]
[White "Pfeiffer, Daniel"]
[Black "Volz, Daniel"]
[Result "0-1"]
[Termination "normal"]
[Board "14"]
[WhiteElo "1606"]
[BlackElo "1455"]
[PlyCount "56"]
[WhiteFideId "24641960"]
[BlackFideId "4661125"]
[EventCountry "GER"]
[EventRounds "11"]
[EventType "swiss"]
[EventDate "2006.06.03"]

1. e4 c5 2. Nf3 e6 3. d4 cxd4 4. Nxd4 Nf6 5. Nc3 d6 6. g4 a6 7. g5 Nfd7 8. h4
b5 9. Be3 Bb7 10. f3 Nb6 11. Qd2 Be7 12. O-O-O Qc7 13. h5 b4 14. Nb1 d5 15. e5
Nc6 16. Nb3 Rd8 17. Qf2 Nd7 18. f4 Rc8 19. Bd3 a5 20. g6 fxg6 21. hxg6 h6 22.
f5 exf5 23. Bxf5 Ncxe5 24. Bxd7+ Qxd7 25. Bd4 Bg5+ 26. N1d2 Nd3+ 27. Kb1 Nxf2
28. Rhe1+ Be7 0-1

[Event "DEM U12/U12w 2006"]
[Site "Willingen GER"]
[Date "2006.06.09"]
[Round "10"]
[White "Ma, Beini"]
[Black "Gruber, Roland"]
[Result "1-0"]
[Termination "normal"]
[Board "15"]
[WhiteElo "1960"]
[BlackElo "1368"]
[PlyCount "109"]
[WhiteFideId "24630101"]
[BlackFideId "1270975"]
[EventCountry "GER"]
[EventRounds "11"]
[EventType "swiss"]
[EventDate "2006.06.03"]

1. e4 c5 2. Nf3 d6 3. d4 cxd4 4. Nxd4 Nf6 5. Nc3 a6 6. Bg5 e6 7. f4 Be7 8. Qf3
h6 9. Bh4 Qc7 10. O-O-O Nc6 11. h3 Rb8 12. g4 b5 13. Rg1 Bb7 14. Nxc6 Bxc6 15.
Bd3 Qb7 16. g5 hxg5 17. Bxg5 b4 18. Bxf6 Bxf6 19. Ne2 Rg8 20. Ng3 a5 21. Nh5
Qe7 22. Bc4 g6 23. Nxf6+ Qxf6 24. Rxd6 Ba8 25. Qe3 Rd8 26. e5 Qe7 27. Rgd1 Rxd6
28. exd6 Qd7 29. Qb6 Kf8 30. Bb5 Qb7 31. Qxb7 Bxb7 32. d7 Ke7 33. c4 bxc3 34.
bxc3 Rb8 35. c4 Kd8 36. a4 Kc7 37. c5 Rd8 38. Rd6 Rh8 39. Kd2 Bd5 40. Ke2 Kd8
41. Rb6 Kc7 42. Ra6 Bb7 43. Rxa5 Rd8 44. Ke3 Bc6 45. Ra7+ Kb8 46. Ra6 Bxb5 47.
axb5 Rxd7 48. Rd6 Re7 49. Kd4 f6 50. c6 Kc7 51. Kc5 Re8 52. b6+ Kc8 53. b7+ Kc7
54. Rd7+ Kb8 55. Kb6 1-0

[Event "DEM U12/U12w 2006"]
[Site "Willingen GER"]
[Date "2006.06.09"]
[Round "10"]
[White "Braun, Georg"]
[Black "Bading, Kenneth"]
[Result "0-1"]
[Termination "normal"]
[Board "16"]
[WhiteElo "1774"]
[BlackElo "1553"]
[PlyCount "46"]
[WhiteFideId "24629383"]
[EventCountry "GER"]
[EventRounds "11"]
[EventType "swiss"]
[EventDate "2006.06.03"]

1. e4 e5 2. Nf3 Nc6 3. Bb5 a6 4. Ba4 b5 5. Bb3 Be7 6. O-O Nf6 7. Re1 d6 8. c3
Na5 9. Bc2 c5 10. d4 Qc7 11. a4 c4 12. axb5 axb5 13. d5 O-O 14. h3 Bd7 15. Be3
Nb7 16. Nbd2 Nc5 17. Qe2 h6 18. Bxc5 Qxc5 19. Qf1 Nh5 20. g3 Nxg3 21. Qg2 Nh5
22. h4 Nf4 23. Qg3 Rxa1 0-1

[Event "DEM U12/U12w 2006"]
[Site "Willingen GER"]
[Date "2006.06.09"]
[Round "10"]
[White "Klek, Hanna Marie"]
[Black "Marquardt, Patrick"]
[Result "0-1"]
[Termination "normal"]
[Board "17"]
[WhiteElo "1668"]
[BlackElo "1505"]
[PlyCount "100"]
[WhiteFideId "24670057"]
[BlackFideId "4670086"]
[EventCountry "GER"]
[EventRounds "11"]
[EventType "swiss"]
[EventDate "2006.06.03"]

1. e4 c5 2. Nf3 Nc6 3. d4 cxd4 4. Nxd4 g6 5. Nc3 Bg7 6. Be3 Nf6 7. Bc4 O-O 8.
f3 Qb6 9. Qd2 Nxe4 10. Nxc6 Qxc6 11. Bxf7+ Rxf7 12. Nxe4 Bxb2 13. Rd1 Bg7 14.
O-O d6 15. Rfe1 Bf5 16. Ng5 Rff8 17. Re2 Rfc8 18. Kf1 h6 19. Ne4 Bxe4 20. fxe4
Rf8+ 21. Kg1 Kh7 22. Bd4 Bxd4+ 23. Qxd4 Qb6 24. Qxb6 axb6 25. c3 Ra3 26. Rc2
Rc8 27. Rdc1 Ra4 28. c4 Ra5 29. Kf2 Rac5 30. Ke3 Kg7 31. Kd3 Kf6 32. Rb1 R8c6
33. Rbc1 Ke5 34. Rb1 e6 35. Re1 Rc7 36. Ree2 b5 37. cxb5 Rxc2 38. Rxc2 Rxc2 39.
Kxc2 Kxe4 40. Kc3 d5 41. a4 Ke5 42. a5 Kd6 43. Kb4 d4 44. Kc4 e5 45. g4 g5 46.
h3 Kd7 47. Kd3 Kc7 48. Kc4 Kd6 49. Kb4 d3 50. Kc3 e4 0-1

[Event "DEM U12/U12w 2006"]
[Site "Willingen GER"]
[Date "2006.06.09"]
[Round "10"]
[White "Mons, Leon"]
[Black "Fittkau, Nico"]
[Result "1-0"]
[Termination "normal"]
[Board "18"]
[WhiteElo "1588"]
[BlackElo "1436"]
[PlyCount "99"]
[WhiteFideId "4614950"]
[EventCountry "GER"]
[EventRounds "11"]
[EventType "swiss"]
[EventDate "2006.06.03"]

1. e4 c6 2. Nf3 d5 3. exd5 cxd5 4. Ne5 Nc6 5. d4 Qb6 6. c3 Nxe5 7. dxe5 e6 8.
Bd3 Bd7 9. Qe2 Ne7 10. Be3 Qc7 11. Bd4 Nc6 12. O-O Nxd4 13. cxd4 Qb6 14. Nc3
Qxd4 15. Nb5 Qb6 16. Rac1 Bc6 17. Rc2 a6 18. Nc3 Be7 19. Qh5 h6 20. Kh1 Bg5 21.
f4 Qd4 22. fxg5 Rf8 23. Qe2 hxg5 24. Rcc1 Ke7 25. Rcd1 Qh4 26. Qf2 Rh8 27. Qxh4
gxh4 28. Kg1 Rh5 29. Rde1 Rg5 30. Re2 b5 31. Nb1 Be8 32. Rc1 Kd7 33. Nd2 f6 34.
Nf3 Rh5 35. Kf2 Bf7 36. b4 Rhh8 37. a3 h3 38. g3 Bh5 39. Rec2 Ra7 40. Re1 f5
41. Rec1 Bxf3 42. Kxf3 g5 43. Rc6 Rd8 44. a4 bxa4 45. Bxa6 a3 46. b5 Rb8 47.
Ra1 Rxa6 48. Rxa6 Rxb5 49. R1xa3 Rb2 50. Rd6+ 1-0

[Event "DEM U12/U12w 2006"]
[Site "Willingen GER"]
[Date "2006.06.09"]
[Round "10"]
[White "Lebek, Ricarda"]
[Black "Lindner, Sebastian"]
[Result "1/2-1/2"]
[Termination "normal"]
[Board "19"]
[WhiteElo "1577"]
[BlackElo "1496"]
[PlyCount "46"]
[WhiteFideId "4624688"]
[BlackFideId "4670221"]
[EventCountry "GER"]
[EventRounds "11"]
[EventType "swiss"]
[EventDate "2006.06.03"]

1. e4 c5 2. Nf3 d6 3. d4 cxd4 4. Qxd4 a6 5. Be3 Nc6 6. Qd2 Nf6 7. Nc3 e6 8. Nd4
Bd7 9. f3 Be7 10. g4 O-O 11. O-O-O b5 12. h4 Qa5 13. Kb1 Rfc8 14. Nxc6 Rxc6 15.
Nd5 Qxd2 16. Nxe7+ Kf8 17. Rxd2 Kxe7 18. Bg2 Rc4 19. Rhd1 Ne8 20. Bf4 Rc6 21.
Bg3 g6 22. f4 Ra7 23. e5 d5 1/2-1/2

[Event "DEM U12/U12w 2006"]
[Site "Willingen GER"]
[Date "2006.06.09"]
[Round "10"]
[White "Risius, Philipp"]
[Black "Pauly, Carlo"]
[Result "0-1"]
[Termination "normal"]
[Board "20"]
[WhiteElo "1557"]
[BlackElo "1577"]
[PlyCount "50"]
[WhiteFideId "24630330"]
[BlackFideId "24673269"]
[EventCountry "GER"]
[EventRounds "11"]
[EventType "swiss"]
[EventDate "2006.06.03"]

1. f4 e5 2. fxe5 d6 3. Nf3 dxe5 4. e4 Bc5 5. d3 Nc6 6. Nc3 Nf6 7. Bg5 h6 8.
Bxf6 Qxf6 9. Nd5 Qd6 10. Qe2 Be6 11. c4 Bg4 12. a3 a5 13. Ne3 Nd4 14. Qd1 Bxf3
15. gxf3 a4 16. Bh3 Qf6 17. Bg2 Qh4+ 18. Kf1 Nb3 19. Qe2 Bxe3 20. Qxe3 Nxa1 21.
Qc5 Qe7 22. Qb5+ c6 23. Qb6 Ra6 24. Qe3 Nc2 25. Qd2 Nd4 0-1

[Event "DEM U12/U12w 2006"]
[Site "Willingen GER"]
[Date "2006.06.09"]
[Round "10"]
[White "Titgemeyer, Sven"]
[Black "Mirke, Roy"]
[Result "1/2-1/2"]
[Termination "normal"]
[Board "21"]
[WhiteElo "1557"]
[BlackElo "1557"]
[PlyCount "119"]
[WhiteFideId "24676934"]
[BlackFideId "24647306"]
[EventCountry "GER"]
[EventRounds "11"]
[EventType "swiss"]
[EventDate "2006.06.03"]

1. e4 c5 2. Nf3 Nc6 3. d4 cxd4 4. Nxd4 e6 5. Nc3 a6 6. Be3 Qc7 7. Be2 b5 8. O-O
Bb7 9. a3 Nf6 10. f3 Ne5 11. f4 Nc4 12. Bxc4 Qxc4 13. f5 Nxe4 14. Nxe4 Bxe4 15.
Rf4 exf5 16. Nxf5 Qxc2 17. Qg4 Bxf5 18. Rxf5 f6 19. Rd5 Qc6 20. Rad1 Qe6 21.
Qh5+ g6 22. Qf3 Rd8 23. Bf2 Kf7 24. Re1 Qc6 25. Red1 Be7 26. Qb3 Kg7 27. Qh3
Qe6 28. Rxd7 Kf7 29. Qxe6+ Kxe6 30. Rxd8 Rxd8 31. Rxd8 Bxd8 32. Bd4 Kd5 33. Bc3
Ke4 34. Kf2 h5 35. Ke2 g5 36. Kd2 f5 37. Ke2 f4 38. Bg7 g4 39. Bc3 f3+ 40.
gxf3+ gxf3+ 41. Kf1 Ke3 42. b3 Bc7 43. h3 Kf4 44. Bf6 Kg3 45. h4 Kg4 46. a4
bxa4 47. bxa4 Bg3 48. Bc3 Kxh4 49. Bf6+ Kg4 50. Kg1 h4 51. a5 h3 52. Bd4 h2+
53. Kh1 Kf4 54. Be5+ Ke3 55. Bxg3 f2 56. Bxf2+ Kxf2 57. Kxh2 Ke3 58. Kg2 Kd4
59. Kf2 Kc4 60. Ke2 1/2-1/2

[Event "DEM U12/U12w 2006"]
[Site "Willingen GER"]
[Date "2006.06.09"]
[Round "10"]
[White "Schmitz, Stefan"]
[Black "Schindlbeck, Tobias"]
[Result "1-0"]
[Termination "normal"]
[Board "22"]
[WhiteElo "1526"]
[BlackElo "1551"]
[PlyCount "59"]
[WhiteFideId "4625730"]
[BlackFideId "24615510"]
[EventCountry "GER"]
[EventRounds "11"]
[EventType "swiss"]
[EventDate "2006.06.03"]

1. e4 c5 2. Nf3 d6 3. d4 cxd4 4. Nxd4 Nf6 5. Nc3 g6 6. Be3 Bg7 7. f3 Nc6 8. Qd2
O-O 9. O-O-O Nxd4 10. Bxd4 Be6 11. Kb1 a6 12. h4 b5 13. h5 Re8 14. Be2 Qa5 15.
b3 Rac8 16. Kb2 Nxh5 17. Bxg7 Kxg7 18. g4 Nf6 19. Qh6+ Kh8 20. Nb1 Qc7 21. Bd3
Rg8 22. e5 dxe5 23. g5 Rg7 24. gxf6 exf6 25. Qh2 Bd5 26. Bxg6 Bxf3 27. Bxh7
Bxh1 28. Rxh1 e4 29. Bf5+ Qxh2 30. Rxh2+ 1-0

[Event "DEM U12/U12w 2006"]
[Site "Willingen GER"]
[Date "2006.06.09"]
[Round "10"]
[White "Iwanziw, Niklas"]
[Black "Sancar, Alina"]
[Result "1/2-1/2"]
[Termination "normal"]
[Board "23"]
[WhiteElo "1515"]
[BlackElo "1330"]
[PlyCount "63"]
[WhiteFideId "24647101"]
[BlackFideId "4624750"]
[EventCountry "GER"]
[EventRounds "11"]
[EventType "swiss"]
[EventDate "2006.06.03"]

1. d4 f5 2. Nc3 Nf6 3. e4 fxe4 4. Bg5 g6 5. Bxf6 exf6 6. Nxe4 d5 7. Nc3 Nc6 8.
g3 Bf5 9. a3 Bg7 10. Bg2 Ne7 11. Qd2 Qd7 12. O-O-O O-O-O 13. Nf3 Be4 14. Rhe1
f5 15. Nh4 Bxg2 16. Nxg2 Rhe8 17. Nh4 Nc6 18. f4 Rxe1 19. Qxe1 Bxd4 20. Nf3 Re8
21. Ne2 Be3+ 22. Kb1 Qe7 23. Qc3 Bb6 24. Ned4 Nxd4 25. Nxd4 c6 26. Nf3 Qd8 27.
Ne5 Bc7 28. Re1 Bxe5 29. Rxe5 Re7 30. Kc1 Qe8 31. Rxd5 Re1+ 32. Rd1 1/2-1/2

[Event "DEM U12/U12w 2006"]
[Site "Willingen GER"]
[Date "2006.06.09"]
[Round "10"]
[White "Kügel, Tobias"]
[Black "Schreiner, Till"]
[Result "0-1"]
[Termination "normal"]
[Board "24"]
[WhiteElo "1408"]
[BlackElo "1499"]
[PlyCount "90"]
[WhiteFideId "4636295"]
[BlackFideId "24675555"]
[EventCountry "GER"]
[EventRounds "11"]
[EventType "swiss"]
[EventDate "2006.06.03"]

1. e4 c6 2. d4 d5 3. exd5 cxd5 4. Bd3 Nc6 5. c3 Nf6 6. Bf4 Bg4 7. f3 Bh5 8. Ne2
e6 9. Nd2 Be7 10. O-O O-O 11. Nb3 Rc8 12. Re1 Bd6 13. Bxd6 Qxd6 14. Ng3 Bg6 15.
Nc5 b6 16. Bxg6 bxc5 17. Bc2 cxd4 18. cxd4 Qb4 19. Ne2 Qxb2 20. Qd2 Qb4 21.
Qxb4 Nxb4 22. Bb3 Nc2 23. Bxc2 Rxc2 24. Kf2 Rb8 25. Rec1 Rcb2 26. Ke1 Kf8 27.
Kd1 R2b7 28. Nc3 Ke8 29. Kc2 Rb2+ 30. Kd3 Rxg2 31. Rab1 Rgb2 32. Rxb2 Rxb2 33.
Rc2 Rxc2 34. Kxc2 Kd7 35. Kb3 Kc6 36. Kb4 Ne8 37. f4 f6 38. Ka5 g5 39. fxg5
fxg5 40. Ka6 Nc7+ 41. Kxa7 Nb5+ 42. Nxb5 Kxb5 43. Kb7 h5 44. Kc7 g4 45. Kd6 h4
0-1